000 00598nam a2200205Ia 4500
005 20250508165614.0
008 008 250505s9999 xx 000 0 eng d
037 _aTextual
040 _aFEDL
_beng
_cFEDL
041 _aeng
_2eng
084 _a032.0220, FAI
_qFEDL
100 _aFairley John
_9781288
245 0 _aArhur c. clarke chornicles of the strange and mysterious
260 _aLoGrafton Street, UK
_bGrafton Books
_c1987
300 _a189
365 _aGBP
_b2.5
700 _a Welfare Simon
_9781355
942 _cTEXL
_h032.0220, FAI
999 _c1396153
_d1396153